| 000 | 00683nam a2200181Ia 4500 | ||
|---|---|---|---|
| 008 | 100920s9999 xx 000 0 und d | ||
| 082 |
_b56476 _a28 व 891,461 थ 90 |
||
| 100 | _aसंपादिका-गरसोळे सीना. | ||
| 245 | _aशालेय प्रार्थना. | ||
| 260 |
_bइंद्रायणी साहित्य प्रकाशन पुणे 30. _c1990 |
||
| 300 |
_a48 _bसाधी |
||
| 365 | _b8 | ||
| 520 | _aबा.वि.पद्य. | ||
| 630 | _aशालेय प्रार्थना. | ||
| 650 | _aबा.वि.पद्य. | ||
| 730 | _aशालेय प्रार्थना. | ||
| 942 | _cBOOK | ||
| 999 |
_c700553 _d700550 |
||